Köszöntjük a 70 éves Dr. Soós Katalint

Elmentve itt :
Bibliográfiai részletek
Dokumentumtípus: Cikk
Megjelent: University of Szeged, Magyar Medievisztikai Kutatócsoport Szeged 2002
Sorozat:Acta Universitatis Szegediensis : acta historica 114
Kulcsszavak:Soós Katalin, Történettudomány - magyar
Tárgyszavak:
Online Access:http://acta.bibl.u-szeged.hu/2904
LEADER 00753nab a2200193 i 4500
001 acta2904
005 20260130102938.0
008 161015s2002 hu o 000 hun d
022 |a 0324-6965 
040 |a SZTE Egyetemi Kiadványok Repozitórium  |b hun 
041 |a hun 
245 0 0 |a Köszöntjük a 70 éves Dr. Soós Katalint  |h [elektronikus dokumentum] 
260 |a University of Szeged, Magyar Medievisztikai Kutatócsoport  |b Szeged  |c 2002 
300 |a 3-7 
490 0 |a Acta Universitatis Szegediensis : acta historica  |v 114 
650 4 |a Bölcsészettudományok 
650 4 |a Történettudomány és régészet 
695 |a Soós Katalin, Történettudomány - magyar 
856 4 0 |u http://acta.bibl.u-szeged.hu/2904/1/historica_114_003-007.pdf  |z Dokumentum-elérés